Sistema y complejidad: la arquitectura de la teoría de Niklas Luhmann /

Збережено в:
Бібліографічні деталі
Автор: Torres Nafarrate, Javier
Формат: Текст
Теги: Додати тег
Немає тегів, Будьте першим, хто поставить тег для цього запису!

MARC

LEADER 00000 a a2200000 04500
001 9607
003
040
100 |a Torres Nafarrate, Javier  
245 |a Sistema y complejidad:   |b la arquitectura de la teoría de Niklas Luhmann /  |c Javier Torres Nafarrate 
773 |g volumen 2, número 8; páginas 661-672  
999 |c 38788  |d 38788